000 00704nam a2200169Ia 4500
008 090122s9999 xx 000 0 und d
082 _b2158
_a920.71
100 _aपुरंदरे
_b
_cनि
245 _aसिध्द योगांच्या सान्निध्यात
260 _bवोरा अॅण्ड कंपनी पब्लिशर्स प्रा. लि.
_c1975
300 _a203
600 _aपुरंदरे
630 _aसिध्द योगांच्या सान्निध्यात
700 _aपुरंदरे
730 _aसिध्द योगांच्या सान्निध्यात
942 _cBOOK
999 _c26236
_d26236